Wohnen und Arbeiten in altindustrialisierten Gebieten.
Správa z nemecko-poľského sympózia konaného 5.-6. nov. 1990 v Bonne-Bad Godesbergu. Informácia o situácii vo väčších starých priemyselných územiach Poľska a SRN. Špecifická priestorová situácia v SRN v dôsledku pričlenenia 5 nových spolkových krajín. Podpora ekonomiky v malých mestách a veľkomestách...
Saved in:
| Main Author: | |
|---|---|
| Format: | Book Chapter |
| Language: | German |
| Subjects: | |
| Tags: |
No Tags, Be the first to tag this record!
|
MARC
| LEADER | 00000naa a2200000 4500 | ||
|---|---|---|---|
| 001 | r002817 | ||
| 005 | 20220819193158.8 | ||
| 041 | 0 | |a ger | |
| 044 | |a DE | ||
| 245 | 1 | 0 | |a Wohnen und Arbeiten in altindustrialisierten Gebieten. |c C. Bals |
| 520 | |a Správa z nemecko-poľského sympózia konaného 5.-6. nov. 1990 v Bonne-Bad Godesbergu. Informácia o situácii vo väčších starých priemyselných územiach Poľska a SRN. Špecifická priestorová situácia v SRN v dôsledku pričlenenia 5 nových spolkových krajín. Podpora ekonomiky v malých mestách a veľkomestách. Prípadová štúdia malých a stredných miest v Poľsku. | ||
| 610 | 2 | 0 | |a regióny priemyselné |
| 610 | 2 | 0 | |a bývanie |
| 610 | 2 | 0 | |a ponuka práce |
| 610 | 2 | 0 | |a zamestnanosť |
| 610 | 2 | 0 | |a mestá |
| 610 | 2 | 0 | |a veľkomestá |
| 610 | 2 | 0 | |a štúdie prípadové |
| 610 | 2 | 0 | |a PR |
| 610 | 2 | 0 | |a Nemecko |
| 100 | 1 | |a Bals, C. | |